UBT Library

FINANCE APPLICATIONS & THEORY (Record no. 36174)

000 -LEADER
fixed length control field 00296nam a22001337a 4500
008 - FIXED-LENGTH DATA ELEMENTS--GENERAL INFORMATION
fixed length control field 171027b xxu||||| |||| 00| 0 eng d
020 ## - INTERNATIONAL STANDARD BOOK NUMBER
International Standard Book Number 9780073530673
041 ## - LANGUAGE CODE
Language code of text/sound track or separate title eng
080 ## - UNIVERSAL DECIMAL CLASSIFICATION NUMBER
Universal Decimal Classification number 336
100 ## - Rafti
Rafti 56
101 ## - Shkurtesa
Shkurtesa fin
245 ## - TITLE STATEMENT
Title FINANCE APPLICATIONS & THEORY
Statement of responsibility, etc CORNETT
942 ## - ADDED ENTRY ELEMENTS (KOHA)
Source of classification or shelving scheme
Item type Books
Holdings
Withdrawn status Lost status Source of classification or shelving scheme Damaged status Not for loan Collection code Permanent location Current location Shelving location Date acquired Total Checkouts Full call number Barcode Date last seen Price effective from Koha item type
          Koleksioni i përgjithshem UBT - Lipjan UBT - Lipjan Koleksioni i përgjithshem 10/27/2017   336 COR 002-2934264 10/27/2017 10/27/2017 Books
          Koleksioni i përgjithshem UBT - Lipjan UBT - Lipjan Koleksioni i përgjithshem 10/27/2017   336 COR 002-2934269 10/27/2017 10/27/2017 Books
          Koleksioni i përgjithshem UBT - Lipjan UBT - Lipjan Koleksioni i përgjithshem 10/27/2017   336 COR 002-2934274 10/27/2017 10/27/2017 Books
          Koleksioni i përgjithshem UBT - Lipjan UBT - Lipjan Koleksioni i përgjithshem 10/27/2017   336 COR 002-2934279 10/27/2017 10/27/2017 Books
          Koleksioni i përgjithshem UBT - Lipjan UBT - Lipjan Koleksioni i përgjithshem 10/27/2017   336 COR 002-2934284 10/27/2017 10/27/2017 Books
          Koleksioni i përgjithshem UBT - Lipjan UBT - Lipjan Koleksioni i përgjithshem 10/27/2017   336 COR 002-2934289 10/27/2017 10/27/2017 Books
          Koleksioni i përgjithshem UBT - Lipjan UBT - Lipjan Koleksioni i përgjithshem 10/27/2017   336 COR 002-2934294 10/27/2017 10/27/2017 Books
          Koleksioni i përgjithshem UBT - Lipjan UBT - Lipjan Koleksioni i përgjithshem 10/27/2017   336 COR 002-2934299 10/27/2017 10/27/2017 Books
          Koleksioni i përgjithshem UBT - Lipjan UBT - Lipjan Koleksioni i përgjithshem 10/27/2017   336 COR 002-2934263 10/27/2017 10/27/2017 Books
          Koleksioni i përgjithshem UBT - Lipjan UBT - Lipjan Koleksioni i përgjithshem 10/27/2017   336 COR 002-2934268 10/27/2017 10/27/2017 Books
          Koleksioni i përgjithshem UBT - Lipjan UBT - Lipjan Koleksioni i përgjithshem 10/27/2017   336 COR 002-2934273 10/27/2017 10/27/2017 Books
          Koleksioni i përgjithshem UBT - Lipjan UBT - Lipjan Koleksioni i përgjithshem 10/27/2017   336 COR 002-2934278 10/27/2017 10/27/2017 Books
          Koleksioni i përgjithshem UBT - Lipjan UBT - Lipjan Koleksioni i përgjithshem 10/27/2017   336 COR 002-2934283 10/27/2017 10/27/2017 Books
          Koleksioni i përgjithshem UBT - Lipjan UBT - Lipjan Koleksioni i përgjithshem 10/27/2017   336 COR 002-2934288 10/27/2017 10/27/2017 Books
          Koleksioni i përgjithshem UBT - Lipjan UBT - Lipjan Koleksioni i përgjithshem 10/27/2017   336 COR 002-2934293 10/27/2017 10/27/2017 Books
          Koleksioni i përgjithshem UBT - Lipjan UBT - Lipjan Koleksioni i përgjithshem 10/27/2017   336 COR 002-2934298 10/27/2017 10/27/2017 Books
          Koleksioni i përgjithshem UBT - Lipjan UBT - Lipjan Koleksioni i përgjithshem 10/27/2017   336 COR 002-2934262 10/27/2017 10/27/2017 Books
          Koleksioni i përgjithshem UBT - Lipjan UBT - Lipjan Koleksioni i përgjithshem 10/27/2017   336 COR 002-2934267 10/27/2017 10/27/2017 Books
          Koleksioni i përgjithshem UBT - Lipjan UBT - Lipjan Koleksioni i përgjithshem 10/27/2017   336 COR 002-2934272 10/27/2017 10/27/2017 Books
          Koleksioni i përgjithshem UBT - Lipjan UBT - Lipjan Koleksioni i përgjithshem 10/27/2017   336 COR 002-2934277 10/27/2017 10/27/2017 Books
          Koleksioni i përgjithshem UBT - Lipjan UBT - Lipjan Koleksioni i përgjithshem 10/27/2017   336 COR 002-2934282 10/27/2017 10/27/2017 Books
          Koleksioni i përgjithshem UBT - Lipjan UBT - Lipjan Koleksioni i përgjithshem 10/27/2017   336 COR 002-2934287 10/27/2017 10/27/2017 Books
          Koleksioni i përgjithshem UBT - Lipjan UBT - Lipjan Koleksioni i përgjithshem 10/27/2017   336 COR 002-2934292 10/27/2017 10/27/2017 Books
          Koleksioni i përgjithshem UBT - Lipjan UBT - Lipjan Koleksioni i përgjithshem 10/27/2017   336 COR 002-2934297 10/27/2017 10/27/2017 Books
          Koleksioni i përgjithshem UBT - Lipjan UBT - Lipjan Koleksioni i përgjithshem 10/27/2017   336 COR 002-2934261 10/27/2017 10/27/2017 Books
          Koleksioni i përgjithshem UBT - Lipjan UBT - Lipjan Koleksioni i përgjithshem 10/27/2017   336 COR 002-2934266 10/27/2017 10/27/2017 Books
          Koleksioni i përgjithshem UBT - Lipjan UBT - Lipjan Koleksioni i përgjithshem 10/27/2017   336 COR 002-2934271 10/27/2017 10/27/2017 Books
          Koleksioni i përgjithshem UBT - Lipjan UBT - Lipjan Koleksioni i përgjithshem 10/27/2017   336 COR 002-2934276 10/27/2017 10/27/2017 Books
          Koleksioni i përgjithshem UBT - Lipjan UBT - Lipjan Koleksioni i përgjithshem 10/27/2017   336 COR 002-2934281 10/27/2017 10/27/2017 Books
          Koleksioni i përgjithshem UBT - Lipjan UBT - Lipjan Koleksioni i përgjithshem 10/27/2017   336 COR 002-2934286 10/27/2017 10/27/2017 Books
          Koleksioni i përgjithshem UBT - Lipjan UBT - Lipjan Koleksioni i përgjithshem 10/27/2017   336 COR 002-2934291 10/27/2017 10/27/2017 Books
          Koleksioni i përgjithshem UBT - Lipjan UBT - Lipjan Koleksioni i përgjithshem 10/27/2017   336 COR 002-2934296 10/27/2017 10/27/2017 Books
          Koleksioni i përgjithshem UBT - Lipjan UBT - Lipjan Koleksioni i përgjithshem 10/27/2017   336 COR 002-2934260 10/27/2017 10/27/2017 Books
          Koleksioni i përgjithshem UBT - Lipjan UBT - Lipjan Koleksioni i përgjithshem 10/27/2017   336 COR 002-2934265 10/27/2017 10/27/2017 Books
          Koleksioni i përgjithshem UBT - Lipjan UBT - Lipjan Koleksioni i përgjithshem 10/27/2017   336 COR 002-2934270 10/27/2017 10/27/2017 Books
          Koleksioni i përgjithshem UBT - Lipjan UBT - Lipjan Koleksioni i përgjithshem 10/27/2017   336 COR 002-2934275 10/27/2017 10/27/2017 Books
          Koleksioni i përgjithshem UBT - Lipjan UBT - Lipjan Koleksioni i përgjithshem 10/27/2017   336 COR 002-2934280 10/27/2017 10/27/2017 Books
          Koleksioni i përgjithshem UBT - Lipjan UBT - Lipjan Koleksioni i përgjithshem 10/27/2017   336 COR 002-2934285 10/27/2017 10/27/2017 Books
          Koleksioni i përgjithshem UBT - Lipjan UBT - Lipjan Koleksioni i përgjithshem 10/27/2017   336 COR 002-2934290 10/27/2017 10/27/2017 Books
          Koleksioni i përgjithshem UBT - Lipjan UBT - Lipjan Koleksioni i përgjithshem 10/27/2017   336 COR 002-2934295 10/27/2017 10/27/2017 Books
UBT Library © 2015-2024. All rights reserved University Education for Business and Technology